000 00303nam a22001337a 4500
008 170802b xxu||||| |||| 00| 0 eng d
020 _a9783540571926
041 _ager
080 _a004
100 _a32
101 _aSHK
245 _aINFORMATIK WIRTSCHAFT GESELLSCHAFT
_cREICHEL,H
942 _2udc
_cBK
999 _c22522
_d22522